Statistiques concernant Plus gros succès du box-office mondial

Cliquez ici pour prendre le quiz!

Statistiques générales

  • Ce quiz a été pris 55 fois
  • Le résultat moyen est 5 sur 10

Statistiques - réponses

RecetteAnnéeFilm% Correct
3 099 000 000 $1997Titanic
96%
3 273 000 000 $2009Avatar
86%
2 797 800 564 $2019Avengers: Endgame
73%
3 061 000 000 $1977Star Wars, épisode IV : Un nouvel espoir
57%
2 215 000 000 $2015Star Wars, épisode VII : Le Réveil de la Force
55%
2 503 000 000 $1982E.T., l'extra-terrestre
47%
3 728 000 000 $1939Autant en emporte le vent
39%
2 370 000 000 $1956Les Dix Commandements
10%
2 564 000 000 $1965La Mélodie du bonheur
4%
2 246 000 000 $1965Le Docteur Jivago
2%

Distribution des résultats

Percentile par nombre de réponses

% des personnes avec chaque résultat

Votre développement - résultats

Vous n’avez pas pris ce quiz